Los estadios de fútbol más grandes de España - Estadísticas

Estadísticas generales
  • Esta prueba ha sido intentada 453 veces
  • La puntuación promedio es 12 de 20
Estadísticas de respuestas
Capacidad Estadio % Correcto
99,354 Camp Nou
100%
85,000 Santiago Bernabéu
99%
70,460 Metropolitano
95%
49,430 Mestalla
90%
60,379 Benito Villamarín
87%
53,331 San Mamés
87%
42,714 Ramón Sánchez Pizjuán
84%
39,313 Anoeta
68%
29,000 Balaídos
65%
32,660 Riazor
62%
30,044 La Rosaleda
56%
57,619 La Cartuja
54%
40,000 Cornellà-El Prat
49%
33,608 La Romareda
48%
29,371 El Molinón
40%
30,500 Carlos Tartiere
37%
31,388 Martinez Valero
30%
32,400 Gran Canaria
28%
55,926 Lluís Companys
19%
31,179 Nueva Condomina
15%
No se encontraron pruebas coincidentes
Distribución de puntuación
Porcentaje de gente con cada puntuación
Porcentaje por número respondido
Historial de tus puntuaciones
No has intentado esta prueba.